| 000 | 00432cam a22001457a 4500 | ||
|---|---|---|---|
| 008 | 180718b1976 xxu||||| |||| 00| 0 eng d | ||
| 082 | _aA6x5431 K143s | ||
| 100 | _aKapur, M. L. | ||
| 245 |
_aStudies in history and culture of Kashmir _cby M. L. Kapur |
||
| 260 |
_aJammu _bTrikuta _c1976 |
||
| 300 | _a256p. | ||
| 500 | _a45/- | ||
| 650 | _aJammu and Kashmir (India) --Civilization. | ||
| 650 | _aJammu and Kashmir (India) --History | ||
| 999 |
_c412494 _d412494 |
||